All Soulsborne-Bosses - Statistics

General Stats
  • This quiz has been taken 129 times
    121 since last reset
  • The average score is 76 of 172
Answer Stats
Answer % Correct
Sinh, the Slumbering Dragon
75%
Gwyn, Lord of Cinder
65%
Manus, Father of the Abyss
63%
Old King Allant
63%
Rom, the Vacuous Spider
63%
Tower Knight
63%
Artorias, the Abysswalker
62%
Asylum Demon
62%
Phalanx
62%
Capra Demon
60%
Elden Beast
60%
Godfrey, the first Elden Lord
60%
Bed of Chaos
58%
Dragon God
58%
Penetrator
58%
Seath, the Scaleless
58%
Soul of Cinder
58%
Stray Demon
58%
Bell Gargoyle
56%
Dragonslayer Ornstein and Executioner Smough
56%
Godrick the grafted
56%
Malenia, Blade of Miquella
56%
Morgott, the Omen King
56%
Orphan of Kos
56%
Taurus Demon
56%
Vanguard
56%
Black Dragon Kalameet
54%
Chaos Witch Quelaag
54%
Four Kings
54%
Nameless King
54%
Vordt of the Boreal Valley
54%
Champion Gundyr
52%
Crossbreed Priscilla
52%
Dark Sun Gwyndolin
52%
Flamelurker
52%
Fume Knight
52%
Gaping Dragon
52%
Gehrman, the First Hunter
52%
Gravelord Nito
52%
Great Grey Wolf Sif
52%
Maneater
52%
Old Hero
52%
Old Monk
52%
Shadow of yharnam
52%
Storm King
52%
Vicar Amelia
52%
Adjudicator
50%
Armor Spider
50%
Cleric Beast
50%
Father Gascoigne
50%
Lady Maria of the Astral Clocktower
50%
Pinwheel
50%
Sanctuary Guardian
50%
Slave Knight Gael
50%
Dirty Colossus
48%
Iudex Gundyr
48%
Last Giant
48%
Leechmonger
48%
Ludwig the Accursed/ Ludwig the Holy Blade
48%
Maiden Astraea
48%
Maliketh, the Black Blade
48%
Pursuer
48%
Rennala
48%
Yhorm, the giant
48%
Dancer of the Boreal Valley
46%
Demon Firesage
46%
Fire Giant
46%
Fool's Idol
46%
Iron Golem
46%
Micolash, Host of the Nightmare
46%
Abyss Watcher
44%
Ceaseless Discharge
44%
Centipede Demon
44%
Darkeater Midir
44%
Elana, Squalid Queen
44%
Flexile Sentry
44%
Genichiro Ashina
44%
Living Failures
44%
Looking Glass Knight
44%
Moon Presence
44%
Promised Consort Radahn
44%
Sister Friede
44%
Starscourge Radahn
44%
True King Allant
44%
Witch of hemwick
44%
amygdala
42%
Blood-starved Beast
42%
Burnt Ivory King
42%
Dragonrider
42%
Laurence, the First Vicar
42%
Mergo's Wet Nurse
42%
Mohg, Lord of Blood
42%
Old Demon King
42%
Old Iron King
42%
Ruin Sentinel
42%
Sir Alonne
42%
Twin Dragonrider
42%
Twin Princes
42%
Aava, the King's Pet
40%
Aldrich, Devourer of Gods
40%
Ancient Wyvern
40%
Belfry Gargoyle
40%
Covetous Demon
40%
Crystal Sage
40%
Curse Rotted Greatwood
40%
Demon Prince
40%
Ebrietas, Daughter of the cosmos
40%
High Lord Wolnir
40%
Lost Sinner
40%
Moonlight Butterfly
40%
Mytha, the Baneful Queen
40%
Old Dragonslayer
40%
One Reborn
40%
Rotten
40%
Scorpioness Najka
40%
Skeleton Lord
40%
Vendrick
40%
Aldia, Scholar of the First Sin
38%
Ancient Dragon
38%
Darkbeast Paarl
38%
Dragonslayer Armor
38%
Guardian Ape
38%
Guardian Dragon
38%
Lady Butterfly
38%
Lichdragon Fortissax
38%
Messmer, the Impaler
38%
Pontiff Sulyvahn
38%
Smelter Demon
38%
Deacons of the Deep
37%
Demon of Song
37%
Dragonlord Placidusax
37%
Nashandra
37%
Oceiros, the Consumed King
37%
Rellana, Twin moon Knight
37%
Rhykard, Lord of Blasphemy
37%
Royal Rat Vanguard
37%
Throne Watcher and Defender
37%
Velstadt, the Royal Aegis
37%
Bayle the Dread
35%
Celestial Emissary
35%
Duke's Dear Freja
35%
Giant Lord
35%
Halflight, Spear of the Church
35%
Lud and Zallen
35%
Martyr Logarius
35%
Regal Ancestor Spirit
35%
Champion's Gravetender
33%
Executioner's Chariot
33%
Folding Screen Monkeys
33%
Graverobber, Varg and Cerah
33%
Gyoubu Masataka Oniwa
33%
Royal Rat Authority
33%
Blue Smelter Demon
31%
Divine Beast Dancing Lion
31%
Headless Ape
31%
Romina, Saint of the Bud
31%
Astel, Naturalborn of the Void
29%
Commander Gaius
29%
Darklurker
29%
Isshin Ashina
29%
Midra, Lord of the Frenzied Flame
29%
Prowling Magus and Congregation
29%
Putrescent Knight
29%
Great Shinobi Owl
27%
Isshin, The Sword Saint
27%
Metyr, Mother of Fingers
27%
Owl Father
27%
Scadutree Avatar
27%
True Corrupted Monk
27%
Corrupted Monk
25%
Demon of Hatred
25%
Divine Dragon
19%
No matching quizzes found
Score Distribution
Percent of People with Each Score
Percentile by Number Answered
Your Score History
You have not taken this quiz since the last reset